The Role of Native women towards the work of the Mennonite Brethren Church in Gadwal area Telangana: A Feminist Reading (Record no. 23495)

MARC details
000 -LEADER
fixed length control field 00383nam a22001337a 4500
082 ## - DEWEY DECIMAL CLASSIFICATION NUMBER
Classification number 230.82
Author Cutter ANU
100 ## - MAIN ENTRY--AUTHOR NAME
Author name Anusha
245 ## - TITLE STATEMENT
Title The Role of Native women towards the work of the Mennonite Brethren Church in Gadwal area Telangana: A Feminist Reading
260 ## - PUBLICATION, DISTRIBUTION, ETC. (IMPRINT)
Place of publication Hyderabad
Name of publisher ARRC
Year of publication 2024
300 ## - PHYSICAL DESCRIPTION
Number of Pages 72
650 ## - SUBJECT ADDED ENTRY--TOPICAL TERM
Topical Term Women - Christian Theology
942 ## - ADDED ENTRY ELEMENTS (KOHA)
Koha item type Thesis
Holdings
Home library Current library Shelving location Date acquired Source of acquisition Full call number Accession Number Koha item type
Henry Martyn Institute Library Henry Martyn Institute Library Reference 07/30/2024 Student 230.82 ANU 11-4851 Thesis
                   Copyright © 2026 | Henry Martyn Institute | Hyderabad | TS-500052 | INDIA | Implemented by hmi.edu.in
Hit-Count:

Powered by Koha